| 000 | 01039nac a22002655a 4500 | ||
|---|---|---|---|
| 008 | 090303t2009 xxua frb 001 0 eng d | ||
| 010 | _a 2005002343 | ||
| 020 | _a0321549430 | ||
| 020 | _a9780321549433 | ||
| 082 | 0 | 4 |
_a006.66 _bANG _222 |
| 100 | 1 |
_aAngel, Edward. _94255 |
|
| 245 | 1 | 0 |
_aInteractive Computer Graphics : _bA Top-Down Approach Using Open GL / _cEdward Angel. |
| 250 |
_a5th ed., Pearson international edition _b. |
||
| 260 |
_aBoston : _bPearson Education, _cc.2009. |
||
| 300 |
_axxix, 828 p. : _bill. (some col.) ; _c24 cm. |
||
| 504 | _aIncludes bibliographical references and indexes. | ||
| 590 | _acatalogued by : Mostafa El-Helaly | ||
| 650 | 0 |
_aComputer graphics. _94256 _2BUEsh |
|
| 650 | 0 |
_aInteractive computer systems. _94257 _2BUEsh |
|
| 651 | _2BUEsh | ||
| 653 | _cAugust2015 | ||
| 655 |
_aComputer Graphics- year 2. _vtext book _xComputer Science _ySemester 2. 2008/2009 |
||
| 856 | 4 | 1 |
_3Table of contents _uhttp://www.loc.gov/catdir/toc/ecip057/2005002343.html |
| 942 |
_cBB _k006.66ANG _2ddc |
||
| 999 |
_c10995 _d10995 |
||